Estudio de vulnerabilidad del tramo carretera cuesta la Gavilana, y de los bancos de materiales de la Gavilana, Los Chilamates y las pintadas en la ciudad de Estelí
La investigación presenta un estudio de vulnerabilidad del tramo carretera cuesta la Gavilana, y de los bancos de materiales de la Gavilana, Los Chilamates y las pintadas en la Ciudad de Estelí. El objetivo es identificar las características geológicas del tramo de carretera Cuesta La Gavilana,...
| Main Author: | |
|---|---|
| Other Authors: | |
| Format: | Tesis Section = Libro |
| Language: | Undetermined Spanish |
| Published: |
Managua
UNI
2011
|
| Subjects: |
| LEADER | 01345nam a2200241Ia 4500 | ||
|---|---|---|---|
| 008 | 240830s9999 xx 000 0 und d | ||
| 040 | |a BIBLIOTECA-RUPAP T.Mon 625.732 G124 | ||
| 041 | |a spa | ||
| 082 | |a T.Mon 625.732 G124 | ||
| 100 | 1 | |a Gadea Hernández, Norlan José | |
| 245 | 1 | 0 | |a Estudio de vulnerabilidad del tramo carretera cuesta la Gavilana, y de los bancos de materiales de la Gavilana, Los Chilamates y las pintadas en la ciudad de Estelí |
| 260 | |a Managua |b UNI |c 2011 | ||
| 300 | |a p. irreg. :il. | ||
| 500 | |a Contiene: anexos. | ||
| 502 | |a Tesis (Ingeniero Civil)- UNI, 2011. | ||
| 520 | 3 | |a La investigación presenta un estudio de vulnerabilidad del tramo carretera cuesta la Gavilana, y de los bancos de materiales de la Gavilana, Los Chilamates y las pintadas en la Ciudad de Estelí. El objetivo es identificar las características geológicas del tramo de carretera Cuesta La Gavilana, así como determinar la vulnerabilidad ambiental a la que están expuestos, controles y medidas de mitigación ambiental aplicados por la entidades reguladoras y administradoras de estos sitios. | |
| 650 | 7 | |a INGENIERÍA GEOLÓGICA | |
| 650 | 7 | |b BANCOS DE MATERIALES | |
| 650 | 7 | |c CARRETERAS- MANTENIMIENTO Y REPARACIÓN | |
| 700 | 1 | |a Tutor: |b Ocampo Elvir, Gustavo Adolfo | |
| 942 | |c BK |2 ddc | ||
| 991 | |a TESIS | ||
| 999 | |c 18171 | ||